Abus sexuel des enfants en Europe / (Record no. 359)

MARC details
000 -LEADER
fixed length control field 01203cam a2200325Ma 4500
005 - DATE AND TIME OF LATEST TRANSACTION
control field 20180317154755.0
008 - FIXED-LENGTH DATA ELEMENTS--GENERAL INFORMATION
fixed length control field 040109s2003 fr a b i000 0 fre d
020 ## - INTERNATIONAL STANDARD BOOK NUMBER
International Standard Book Number 9287153345
020 ## - INTERNATIONAL STANDARD BOOK NUMBER
International Standard Book Number 9789287153340
035 ## - SYSTEM CONTROL NUMBER
System control number (OCoLC)55102119
043 ## - GEOGRAPHIC AREA CODE
Geographic area code e------
050 #4 - LIBRARY OF CONGRESS CALL NUMBER
Classification number HV6626.5
082 1# - DEWEY DECIMAL CLASSIFICATION NUMBER
Classification number 362.760 19
Edition number 22
245 02 - TITLE STATEMENT
Title Abus sexuel des enfants en Europe /
Statement of responsibility, etc coordonné par Corinne May-Chahal et Maria Herczog.
260 ## - PUBLICATION, DISTRIBUTION, ETC. (IMPRINT)
Place of publication, distribution, etc Strasbourg :
Name of publisher, distributor, etc Éditions du Conseil de l'Europe,
Date of publication, distribution, etc c2003.
300 ## - PHYSICAL DESCRIPTION
Extent xi, 286 p. :
Other physical details ill.
500 ## - GENERAL NOTE
General note Publié également en anglais sous le titre: Child sexual abuse in Europe.
650 #6 - SUBJECT ADDED ENTRY--TOPICAL TERM
Topical term or geographic name as entry element Violence envers les enfants
Geographic subdivision Europe.
650 #6 - SUBJECT ADDED ENTRY--TOPICAL TERM
Topical term or geographic name as entry element Enfants
General subdivision Droits.
650 #7 - SUBJECT ADDED ENTRY--TOPICAL TERM
Topical term or geographic name as entry element Aspect juridique
Source of heading or term rasuqam
9 (RLIN) 10747
650 #7 - SUBJECT ADDED ENTRY--TOPICAL TERM
Topical term or geographic name as entry element Enfant victime d'abus sexuel
Source of heading or term rasuqam
650 #7 - SUBJECT ADDED ENTRY--TOPICAL TERM
Topical term or geographic name as entry element Abus sexuels à l'égard des enfants
Geographic subdivision Europe
General subdivision Cas, Études de.
Source of heading or term ram
650 #7 - SUBJECT ADDED ENTRY--TOPICAL TERM
Topical term or geographic name as entry element Abus sexuels à l'égard des enfants
General subdivision Prévention
Geographic subdivision Europe.
Source of heading or term ram
650 #7 - SUBJECT ADDED ENTRY--TOPICAL TERM
Topical term or geographic name as entry element Sévice sexuel chez l'enfant
General subdivision Europe.
Source of heading or term fmesh
651 #7 - SUBJECT ADDED ENTRY--GEOGRAPHIC NAME
Geographic name Europe
Source of heading or term rasuqam
700 1# - ADDED ENTRY--PERSONAL NAME
Personal name May-Chahal, Corinne.
700 1# - ADDED ENTRY--PERSONAL NAME
Personal name Herczog, Maria.
740 0# - ADDED ENTRY--UNCONTROLLED RELATED/ANALYTICAL TITLE
Uncontrolled related/analytical title Child sexual abuse in Europe. Français.
942 ## - ADDED ENTRY ELEMENTS (KOHA)
Source of classification or shelving scheme Library of Congress Classification
Koha item type Books
Holdings
Home library Current library Shelving location Date acquired Full call number Barcode Koha item type
African Court on Human and Peoples' Rights Library African Court on Human and Peoples' Rights Library   27/08/2010 HV6570.4.E85 C54 10000585 Books

African Court on Human and Peoples' Rights | For Inquiries Contact » +255 272 510 510